Logo BPK

Bibliografia Prac Pracowników

Politechniki Koszalińskiej

Model chropowatości powierzchni obrobionej skrawanej ostrzami o widocznym stopniu zużycia / (Rekord nr 6126)

Szczegóły MARC
000 -ETYKIETA REKORDU
podpole kontrolne o stałej długości 01253naa a2200229 i 4500
001 - NUMER KONTROLNY REKORDU
podpole kontrolne BPP
003 - IDENTYFIKATOR NUMERU KONTROLNEGO REKORDU
podpole kontrolne BPK
005 - DATA OSTATNIEJ MODYFIKACJI REKORDU
podpole kontrolne 20190610114326.0
008 - POLE O STAŁEJ DŁUGOŚCI - DANE KONTROLNE
podpole kontrolne o stałej długości 140617s2012 pl f |000 0 pol
040 ## - ŹRÓDŁO KATALOGOWANIA
Instytucja, która utworzyła rekord BPK
084 ## - NUMER INNEJ KLASYFIKACJI
Numer klasyfikacji 621.9
100 ## - NAZWA OSOBOWA
Nazwa osobowa STORCH, Borys.
Lata pracy 1996 - .
Instytucja Politechnika Koszalińska - Wydział Mechaniczny,
Wydział Katedra Inżynierii Produkcji - Zakład Monitorowania Procesów Technologicznych
245 ## - TYTUŁ/ODPOWIEDZIALNOŚĆ
Tytuł Model chropowatości powierzchni obrobionej skrawanej ostrzami o widocznym stopniu zużycia /
Pozostałe elementy strefy tytułu i oznaczenia odpowiedzialności Borys Storch.
260 ## - STREFA ADRESU WYDAWNICZEGO
Data publikacji, dystrybucji/powstania dokumentu 2012.
500 ## - UWAGI OGÓLNE
Tekst uwagi Dane z autopsji.
520 ## - UWAGA DOTYCZĄCA TREŚCI DOKUMENTU
Analiza dokumentacyjna, adnotacja itp. Opis tworzonych powierzchni obrobionych, powstających w wyniku obróbki skrawaniem po wszystkich odmianach obróbki skrawaniem, wymaga uogólnienia mechanizmu i ich tworzenia. Wieloletnie badania i zgromadzone wyniki badań skłoniły autora do podjęcia próby uogólnienia i opracowania mechanizmu tworzenia powierzchni obrobionej.
650 #0 - HASŁO PRZEDMIOTOWE W FORMIE NAZWY OGÓLNEJ LUB JEDNOSTKOWEJ
Nazwa ogólna lub geograficzna Ostrza skrawające.
650 #0 - HASŁO PRZEDMIOTOWE W FORMIE NAZWY OGÓLNEJ LUB JEDNOSTKOWEJ
Nazwa ogólna lub geograficzna Skrawanie
650 #0 - HASŁO PRZEDMIOTOWE W FORMIE NAZWY OGÓLNEJ LUB JEDNOSTKOWEJ
Nazwa ogólna lub geograficzna Inżynieria powierzchni
773 ## - TYTUŁ DOKUMENTU MACIERZYSTEGO
Wyrażenie wprowadzające W :
Tytuł Obróbka skrawaniem : Efektywne wytwarzanie / pod red. Piotra Cichosza. -
Adres wydawniczy Wrocław : Drukarnia Naukowa PAN Sp.z o.o., 2012. -
Informacje dotyczące relacji s. 373-380
Strefa serii Szkoła Obróbki Skrawaniem ; 6
942 ## - HASŁO DODATKOWE - ELEMENTY(KOHA)
Typ dokumentu Artykuł
Schemat klasyfikacji Uniwersalna klasyfikacja dziesiętna

Brak dostępnych egzemplarzy.

© 2014 Biblioteka Politechniki Koszalińskiej :: BIBLIOGRAFIA PRAC PRACOWNIKÓW